00174nam a2200073Ia 4500008004100000020002200041100002000063245001700083220601s9999 xx 000 0 und d a978-0-9474-5715-1 aMaphalla, K.P.D 0aNna ke mang?